banner koha

Critical nitrogen dilution curves and productivity assessments for plant cane (Registro n. 338862)

MARC details
000 -LÍDER
fixed length control field 04517nab a2200337 i 4500
003 - CÓDIGO MARC DA AGÊNCIA CATALOGADORA
Campo de controle BR-BrBNA
005 - DATA E HORA DA ÚLTIMA ATUALIZAÇÃO
Campo de controle 20251029155925.0
008 - CAMPO DE TAMANHO FIXO
fixed length control field 251029b2020 bl.mr|pooa||| 00| 0 eng |
040 ## - FONTE DA CATALOGAÇÃO
Agência catalogadora BR-BrBNA
Idioma da catalogação eng
072 ## - CATEGORIA AGRIS
Código AGRIS F61
Código do objeto 0230
100 ## - ENTRADA PRINCIPAL - NOME PESSOAL
Nome pessoal Santana, Augusto C. de A.
100 ## - ENTRADA PRINCIPAL - NOME PESSOAL
Nome pessoal Oliveira, Emídio C. A. de
100 ## - ENTRADA PRINCIPAL - NOME PESSOAL
Nome pessoal Silva, Vinícius S. G. da
100 ## - ENTRADA PRINCIPAL - NOME PESSOAL
Nome pessoal Santos, Renato L. dos
100 ## - ENTRADA PRINCIPAL - NOME PESSOAL
Nome pessoal Silva, Magda A. da
100 ## - ENTRADA PRINCIPAL - NOME PESSOAL
Nome pessoal Freire, Fernando J.
245 ## - TÍTULO PRINCIPAL
Título principal Critical nitrogen dilution curves and productivity assessments for plant cane
500 ## - NOTA GERAL
Nota geral Publicação on-line; 24 ref.; 4 illus; Sumaries (En, Pt)
942 ## - ADDED ENTRY ELEMENTS (KOHA)
Koha item type Analítica
520 ## - NOTA DE RESUMO
Nota de conteúdo <br/><br/>ABSTRACT: Nitrogen is the most limiting nutrient for the development of sugarcane and particularly the use of more productive and demanding varieties, for which the doses of nitrogen fertilization necessary during the plant cane cycle may be underestimated and the critical levels of nitrogen in the leaf may be modified. The objective of this study was to determine the critical nitrogen dilution curve (CNDC) for leaves, evaluate the aboveground dry mass production (DM) and productivity of two varieties fertilized with N in the plant cane cycle. The study was conducted under field conditions, evaluating two sugarcane varieties RB92579 and RB867515, fertilized with seven doses of N (0, 30, 60, 90, 120, 150 and 200 kg ha-1). The varieties and doses were arranged in randomized blocks and analyzed in the 2 × 7 factorial scheme. It was found that the nitrogen concentration in the leaf decreased with four repetitions increase in DM yield and adjusted an exponential model, which enabled to estimate the critical levels of 13.03 and 12.46 g N kg-1 dry matter in the varieties RB92579 and RB867515, respectively. The plant cane cycle were observed to respond positively to nitrogen fertilization, with increase of 18.66% in tons of stalk per hectare (TSH) in response to the application addition of up to 129.45 kg N ha-1. The variety RB92579 showed the lowest dilution of the critical nitrogen concentration, the highest production of DM and higher stalk yield, and accordingly is considered to be the more efficient of the two varieties with respect to nitrogen fertilizer utilization. <br/><br/>Key words: Saccharum spp., nitrogen fertilization, aboveground dry matter, variety
520 ## - NOTA DE RESUMO
Nota de conteúdo <br/><br/>RESUMO: O nitrogênio (N) é o nutriente mais limitante ao desenvolvimento da cana-de-açúcar e com a utilização de variedades mais produtivas e exigentes, as doses utilizadas na adubação nitrogenada na cana planta podem estar subestimadas e os teores críticos de N na folha poderão sofrer modificações. O objetivo da pesquisa foi determinar a curva de diluição dos teores críticos de N (CNDC) na folha, avaliar a produção da massa seca da parte aérea (ADM) e a produtividade de duas variedades de cana-de-açúcar em relação à adubação nitrogenada. A pesquisa foi realizada em condições de campo, sendo avaliadas as variedades RB92579 e RB867515, quando adubadas com sete doses de N (0, 30, 60, 90, 120, 150 e 200 kg ha-1). As variedades e doses de N foram dispostas em blocos casualizados com quatro repetições sob o esquema fatorial de 2 × 7. O teor de N na folha reduziu com o aumento da ADM e se ajustou ao modelo exponencial que permitiu estimar os teores críticos de 13,03 e 12,46 g de N kg-1 de matéria seca nas variedades RB92579 e RB867515, respectivamente. A cana planta respondeu positivamente à adubação nitrogenada e aumentou em 18,66% a tonelada de colmos por hectare (TCH) com adição de até 129,45 kg ha-1 de N. A variedade RB92579 apresentou menor diluição do teor crítico do N, maior produção de ADM e maior produtividade de colmos, sendo considerada mais eficiente na utilização do N-fertilizante. <br/><br/>Palavras-chave: Saccharum spp., adubação nitrogenada, matéria seca da parte aérea, variedades
650 ## - ASSUNTO - THESAGRO
Cabeçalho tópico ou nome geográfico CANA DE AÇÚCAR
650 ## - ASSUNTO - THESAGRO
Cabeçalho tópico ou nome geográfico COMPORTAMENTO DE VARIEDADE
650 ## - ASSUNTO - THESAGRO
Cabeçalho tópico ou nome geográfico ADUBAÇÃO
650 ## - ASSUNTO - THESAGRO
Cabeçalho tópico ou nome geográfico NITROGÊNIO
650 ## - ASSUNTO - THESAGRO
Cabeçalho tópico ou nome geográfico ABSORÇÃO DE NUTRIENTES
650 ## - ASSUNTO - THESAGRO
Cabeçalho tópico ou nome geográfico MATÉRIA SECA
773 0# - ENTRADA ANALÍTICA
Host Biblionumber 3534
Registro do item 317785
Imprenta Campina Grande-PB Universidade Federal de Campina Grande. Centro de Ciências e Tecnologia 1997
Outro identificador 2024-4506
Título Revista Brasileira de Engenharia Agrícola e Ambiental (Brazil)
ISSN 1415-4366
Colação v. 24 (4) p. 244-251; (2020)
Número de controle de registro BR2025001697
856 ## - ACESSO E ENDEREÇO ELETRÔNICO
Identificador uniforme de recurso - URI https://www.scielo.br/j/rbeaa/a/w7ss8ngvjwsBDMfGqw9WNVd/?format=pdf&lang=en

Nenhum exemplar disponível.

BINAGRI

Telefone: (61)3218-2567/2388/3357/2097 - binagri@agro.gov.br

Ministério da Agricultura e Pecuária , Esplanada dos Ministérios, Bloco D, Anexo B, Brasília/DF, CEP: 70.043-900